Entry Personal Name
Number of records used in: 1
001 - CONTROL NUMBER
003 - CONTROL NUMBER IDENTIFIER
005 - DATE AND TIME OF LATEST TRANSACTION
- control field:
20260226151125.0
008 - FIXED-LENGTH DATA ELEMENTS
- fixed length control field:
260226|| aca||aabn | a|a d
040 ## - CATALOGING SOURCE
- Original cataloging agency:
JRU
- Transcribing agency:
JRU
100 ## - HEADING--PERSONAL NAME
- Personal name:
SHUKLA ,K.S
670 ## - SOURCE DATA FOUND
- Source citation:
Work cat.: (JRU)9035: SHUKLA ,K.S, ARYABHATIYA OF ARYABHATA -WITH THE COMENTARY OF BHASKARA I AND SOMESVARA, 2016